[Event "XXVIII Open Eporediese"]
[Site "Ivrea ITA"]
[Date "2011.01.27"]
[Round "1"]
[White "Agostino, Pietro"]
[Black "Razzano, Lorenzo"]
[Result "0-1"]
[WhiteElo "1507"]
[BlackElo "1941"]
[PlyCount "32"]
[EventDate "2011.01.27"]

1. e4 e5 2. Nf3 Nc6 3. Be2 Nf6 4. d3 Bc5 5. h3 Bb6 6. b3 Qe7 7. Bb2 d5 8. exd5
Nxd5 9. Bc1 Bd7 10. Bd2 O-O-O 11. Nc3 Nxc3 12. Bxc3 Qc5 13. Kd2 e4 14. d4 Be6
15. Ke1 Qxc3+ 16. Nd2 Rxd4 0-1

[Event "XXVIII Open Eporediese"]
[Site "Ivrea ITA"]
[Date "2011.01.27"]
[Round "1"]
[White "Bellotti, Giuseppe"]
[Black "Trotto, Pierangelo"]
[Result "1-0"]
[WhiteElo "1706"]
[BlackElo "1904"]
[PlyCount "45"]
[EventDate "2011.01.27"]

1. e4 c5 2. Nf3 d6 3. d4 cxd4 4. Nxd4 Nf6 5. Nc3 a6 6. f4 Qc7 7. Bd3 Nc6 8. Nf3
e6 9. O-O Be7 10. Qe1 O-O 11. Kh1 Bd7 12. Be3 Rac8 13. Rd1 Na5 14. e5 Nd5 15.
Nxd5 exd5 16. Qg3 Nc4 17. Bd4 dxe5 18. Nxe5 f6 19. Nxd7 Qxd7 20. Rfe1 Bc5 21.
Bxc4 Bxd4 22. Bb3 Bxb2 23. Rxd5 1-0

[Event "XXVIII Open Eporediese"]
[Site "Ivrea ITA"]
[Date "2011.01.27"]
[Round "1"]
[White "Paonessa, Denis"]
[Black "Bogatto, Mario"]
[Result "1-0"]
[WhiteElo "1892"]
[BlackElo "1458"]
[PlyCount "62"]
[EventDate "2011.01.27"]

1. d4 d5 2. c4 e6 3. Nc3 Nf6 4. Bg5 Nbd7 5. e3 Be7 6. Nf3 c6 7. Qc2 h6 8. Bh4
Nh5 9. Bxe7 Qxe7 10. Bd3 dxc4 11. Bxc4 Nhf6 12. e4 b5 13. Bd3 Bb7 14. O-O e5
15. Rad1 a6 16. Ne2 Rc8 17. dxe5 Nxe5 18. Nxe5 Qxe5 19. f4 Qe7 20. Ng3 O-O 21.
Nf5 Qc7 22. e5 Nd5 23. Qf2 f6 24. e6 Qb6 25. Qxb6 Nxb6 26. Ne7+ Kh8 27. Nxc8
Bxc8 28. e7 Re8 29. Rfe1 Nd5 30. Bg6 Rxe7 31. Rxe7 Nxe7 1-0

[Event "XXVIII Open Eporediese"]
[Site "Ivrea ITA"]
[Date "2011.01.15"]
[Round "1"]
[White "Pitti, Gianluca"]
[Black "Gennaro, Isabella"]
[Result "0-1"]
[WhiteElo "1398"]
[BlackElo "1628"]
[PlyCount "86"]
[EventDate "2011.01.27"]

1. e4 c5 2. Nf3 Nc6 3. Bb5 e6 4. d4 Nge7 5. dxc5 a6 6. Bxc6 Nxc6 7. Be3 Qa5+ 8.
Qd2 Qxd2+ 9. Nbxd2 d5 10. exd5 exd5 11. Nd4 Bxc5 12. Nxc6 Bxe3 13. fxe3 bxc6
14. Nb3 O-O 15. Kd2 Bf5 16. Rac1 Rab8 17. c4 Rfd8 18. Ke2 dxc4 19. Rxc4 Bd3+
20. Kf3 Bxc4 21. Na5 Bb5 22. b3 Rd2 23. a4 Ra2 24. axb5 Rxa5 25. bxc6 Rc5 26.
Rd1 Rxc6 27. Ke4 Re6+ 28. Kf3 f6 29. Kf4 Rxb3 30. Rd8+ Kf7 31. Rd7+ Re7 32. Rd6
g5+ 33. Kf3 Rbxe3+ 34. Kf2 Ra3 35. g3 Rb7 36. Kg2 g4 37. Rd2 a5 38. h3 gxh3+
39. Kxh3 Rbb3 40. Kg4 Rxg3+ 41. Kf4 h5 42. Rh2 Rg4+ 43. Kf5 Rf3# 0-1

[Event "XXVIII Open Eporediese"]
[Site "Ivrea ITA"]
[Date "2011.01.27"]
[Round "1"]
[White "Ranieri, Fabrizio"]
[Black "Bellafiore, Enzo"]
[Result "1-0"]
[WhiteElo "2279"]
[BlackElo "1807"]
[PlyCount "41"]
[EventDate "2011.01.27"]

1. e4 e6 2. d4 d5 3. Nc3 dxe4 4. Nxe4 Bd7 5. Nf3 Bc6 6. Bd3 Be7 7. Qe2 Nf6 8.
c3 a6 9. Nxf6+ Bxf6 10. Bf4 Nd7 11. Bc2 O-O 12. O-O-O Re8 13. h4 Be7 14. Ng5
Nf8 15. Qh5 Bxg5 16. hxg5 g6 17. Qh6 f6 18. Bxg6 Re7 19. Bc2 Rf7 20. g6 Rg7 21.
gxh7+ 1-0

[Event "XXVIII Open Eporediese"]
[Site "Ivrea ITA"]
[Date "2011.01.29"]
[Round "2"]
[White "Bogatto, Mario"]
[Black "Agostino, Pietro"]
[Result "1/2-1/2"]
[WhiteElo "1458"]
[BlackElo "1507"]
[PlyCount "110"]
[EventDate "2011.01.27"]

1. e4 e5 2. Nf3 d6 3. Bc4 Nd7 4. a3 h6 5. Nc3 c6 6. O-O Ngf6 7. d3 b5 8. Bb3
Be7 9. Be3 Nb6 10. d4 Bg4 11. dxe5 dxe5 12. Qxd8+ Rxd8 13. Nd2 O-O 14. h3 Bc8
15. Nf3 Bd6 16. Rfd1 Bb7 17. Bxb6 axb6 18. Re1 Rfe8 19. Rad1 Bc5 20. Rd3 Bd6
21. Red1 Bc7 22. Rxd8 Bxd8 23. Nd2 Ba6 24. f3 Nd7 25. Nf1 Nc5 26. Ba2 Na4 27.
Nxa4 bxa4 28. Ng3 g6 29. Rd7 Rf8 30. Ra7 Bh4 31. Kf2 Bc8 32. Rc7 c5 33. Rc6 Kg7
34. Rxb6 f5 35. exf5 gxf5 36. Rc6 f4 37. Rc7+ Kg6 38. Rc6+ Kg5 39. Rxc5 Re8 40.
Bf7 Re7 41. Rxc8 Rxf7 42. Rg8+ Kf6 43. Ra8 Rd7 44. Ke2 Bxg3 45. Rxa4 Kf5 46.
Re4 Bh4 47. a4 Bd8 48. b4 Rd5 49. c4 Rd7 50. c5 Ke6 51. b5 Ba5 52. c6 Rd2+ 53.
Kf1 Rd1+ 54. Ke2 Rd2+ 55. Kf1 Rd1+ 1/2-1/2

[Event "XXVIII Open Eporediese"]
[Site "Ivrea ITA"]
[Date "2011.02.03"]
[Round "2"]
[White "Bosticardo, Tommaso"]
[Black "Ranieri, Fabrizio"]
[Result "0-1"]
[WhiteElo "1649"]
[BlackElo "2279"]
[PlyCount "52"]
[EventDate "2011.01.27"]

1. d4 d5 2. c4 dxc4 3. e3 e5 4. Bxc4 exd4 5. exd4 Bb4+ 6. Nc3 Qe7+ 7. Qe2 Nc6
8. Nf3 Bg4 9. Qxe7+ Ngxe7 10. Ne5 Bh5 11. Nxc6 Nxc6 12. Be3 O-O-O 13. a3 Ba5
14. d5 Ne5 15. Ba2 Nd3+ 16. Kd2 Nxb2 17. Bb3 Bg6 18. Rac1 Nd3 19. Rc2 Ne5 20.
Rcc1 Kb8 21. Bd4 Rhe8 22. f3 f6 23. Rce1 Nd3 24. Rxe8 Rxe8 25. Ba4 Rd8 26. Bb3
Nf4 0-1

[Event "XXVIII Open Eporediese"]
[Site "Ivrea ITA"]
[Date "2011.02.03"]
[Round "2"]
[White "Gennaro, Isabella"]
[Black "Rocchi, Enrico"]
[Result "0-1"]
[WhiteElo "1628"]
[BlackElo "1944"]
[PlyCount "80"]
[EventDate "2011.01.27"]

1. e4 e5 2. Nf3 Nc6 3. Bb5 Nf6 4. O-O Bc5 5. Bxc6 dxc6 6. Nc3 Bg4 7. d3 Qe7 8.
Re1 Rd8 9. Be3 Bb4 10. Rb1 b6 11. Bd2 O-O 12. h3 Bh5 13. a3 Bd6 14. Bg5 h6 15.
Bh4 g5 16. Bg3 Kh7 17. b4 a6 18. Re3 g4 19. hxg4 Nxg4 20. Re1 Rg8 21. Bh4 f6
22. Nh2 Qg7 23. g3 Qg6 24. Qd2 Rdf8 25. Nd1 f5 26. exf5 Rxf5 27. Ne3 Rxf2 28.
Re2 Rxh2 29. Rxh2 Nxh2 30. Qxh2 e4 31. d4 Bxg3 32. Bxg3 Qxg3+ 33. Qxg3 Rxg3+
34. Kf2 Rf3+ 35. Ke2 Rf6+ 36. Kd2 Rf2+ 37. Kc3 Re2 38. Nf1 Bg6 39. Rd1 Kg7 40.
d5 e3 0-1

[Event "XXVIII Open Eporediese"]
[Site "Ivrea ITA"]
[Date "2011.01.29"]
[Round "2"]
[White "Giachino, Adriano"]
[Black "Pitti, Gianluca"]
[Result "1-0"]
[WhiteElo "1707"]
[BlackElo "1398"]
[PlyCount "47"]
[EventDate "2011.01.27"]

1. e4 e5 2. Bc4 Nf6 3. d4 exd4 4. Nf3 Be7 5. e5 Nh5 6. Qxd4 f6 7. Qd5 Rf8 8.
Nc3 Nc6 9. exf6 Nxf6 10. Qg5 g6 11. Bf4 Ne4 12. Qh6 Nxc3 13. bxc3 d6 14. O-O
Bg4 15. Ng5 Bxg5 16. Bxg5 Qd7 17. Rfe1+ Ne7 18. Bxe7 Rf5 19. Bf6+ Re5 20. Bxe5
dxe5 21. Rxe5+ Be6 22. Bxe6 Qd6 23. Qg7 Qf8 24. Qd7# 1-0

[Event "XXVIII Open Eporediese"]
[Site "Ivrea ITA"]
[Date "2011.01.29"]
[Round "2"]
[White "Giunto, Stefano"]
[Black "Renzini, Lorenzo"]
[Result "0-1"]
[WhiteElo "1406"]
[BlackElo "1747"]
[PlyCount "118"]
[EventDate "2011.01.27"]

1. e4 c5 2. Nf3 d6 3. Bb5+ Bd7 4. Bxd7+ Qxd7 5. c4 Nc6 6. Nc3 Nf6 7. d3 g6 8.
O-O Bg7 9. Bg5 O-O 10. Qd2 a6 11. Bh6 Na7 12. e5 Ng4 13. Bxg7 Kxg7 14. exd6
exd6 15. Nd5 Qd8 16. Qc3+ Kg8 17. h3 Ne5 18. Nxe5 dxe5 19. Qxe5 f6 20. Qe7 Qxe7
21. Nxe7+ Kf7 22. Nd5 Nc6 23. Rfe1 Rae8 24. Nc7 Re7 25. Rxe7+ Nxe7 26. Re1 Rd8
27. Re3 Rd7 28. Na8 Nf5 29. Nb6 Rd6 30. Nd5 Nxe3 31. fxe3 Ke6 32. Kf2 Ke5 33.
Kf3 b5 34. b3 h6 35. a4 bxa4 36. bxa4 Rd7 37. Ke2 Rb7 38. g4 Rb2+ 39. Kf3 Rb3
40. Ke2 Ra3 41. Nb6 Ke6 42. d4 cxd4 43. c5 dxe3 44. c6 Rc3 45. a5 Rxc6 46. Na4
Kd5 47. Nb2 Rc2+ 48. Kxe3 Rxb2 49. Kf4 Rb5 50. h4 Rxa5 51. h5 g5+ 52. Kf5 Ra4
53. Kxf6 Rxg4 54. Kg6 Rh4 55. Kxh6 g4 56. Kg5 Rxh5+ 57. Kxg4 Re5 58. Kf3 a5 59.
Kf4 a4 0-1

[Event "XXVIII Open Eporediese"]
[Site "Ivrea ITA"]
[Date "2011.02.03"]
[Round "2"]
[White "Razzano, Lorenzo"]
[Black "Bellotti, Giuseppe"]
[Result "1/2-1/2"]
[WhiteElo "1941"]
[BlackElo "1706"]
[PlyCount "106"]
[EventDate "2011.01.27"]

1. c4 e6 2. g3 d5 3. Bg2 Nf6 4. b3 dxc4 5. Bb2 cxb3 6. Qxb3 c6 7. Nf3 Qb6 8.
Qc2 Nbd7 9. O-O Be7 10. Nc3 O-O 11. a4 a5 12. Rfb1 Qa6 13. Ba3 Bxa3 14. Rxa3
Rb8 15. Rab3 Nd5 16. Nxd5 exd5 17. Nd4 Qc4 18. Qxc4 dxc4 19. Rc3 c5 20. Nf5 b6
21. Ne7+ Kh8 22. Nc6 Ra8 23. Ne5 Rb8 24. Nxc4 Ba6 25. d3 Bxc4 26. dxc4 Nf6 27.
Rcb3 Rbd8 28. e3 Rd2 29. Rxb6 Rc2 30. R6b5 Rxc4 31. Rxa5 g6 32. Bf3 Rd8 33. Ra7
Rd7 34. Rxd7 Nxd7 35. a5 Ne5 36. Bd5 Ra4 37. Rb5 c4 38. Rc5 Kg7 39. f4 Nd3 40.
Rc7 Ra1+ 41. Kg2 Ne1+ 42. Kf2 c3 43. Rxc3 Rxa5 44. e4 Ra1 45. Rc7 Nd3+ 46. Ke3
Nb4 47. Rxf7+ Kh6 48. Be6 Re1+ 49. Kf3 Nc2 50. Bd5 Nd4+ 51. Kg2 Re2+ 52. Kg1
Nf3+ 53. Kf1 Rd2 1/2-1/2

[Event "XXVIII Open Eporediese"]
[Site "Ivrea ITA"]
[Date "2011.01.29"]
[Round "2"]
[White "Trovero, Leo"]
[Black "Paonessa, Denis"]
[Result "0-1"]
[WhiteElo "1467"]
[BlackElo "1892"]
[PlyCount "134"]
[EventDate "2011.01.27"]

1. d4 Nf6 2. c4 c5 3. d5 e6 4. Nc3 exd5 5. cxd5 d6 6. Bg5 g6 7. e4 a6 8. f4
Nbd7 9. Nf3 Qc7 10. Be2 Bg7 11. O-O O-O 12. Qd2 b5 13. a3 Re8 14. Bxf6 Nxf6 15.
Bd3 c4 16. Bc2 Nd7 17. Rae1 Nc5 18. Nd4 Bd7 19. f5 Qd8 20. fxg6 hxg6 21. Qf2
Qe7 22. Nf3 Bg4 23. Qh4 Bxf3 24. Qxe7 Bd4+ 25. Kh1 Bxg2+ 26. Kxg2 Rxe7 27. Rf4
Rae8 28. Kf3 Kg7 29. Rf1 Bxc3 30. bxc3 Re5 31. Ke3 R8e7 32. Kd4 Rg5 33. Rf6 Nb7
34. R1f2 Rg1 35. h3 Ra1 36. R6f3 Rxa3 37. Re3 Nc5 38. e5 Nb3+ 39. Bxb3 dxe5+
40. Rxe5 Rxe5 41. Kxe5 Rxb3 42. d6 Rxc3 43. Kd5 f5 44. Ra2 Rd3+ 45. Kc6 Kf7 46.
Rxa6 Ke6 47. Kxb5 Rxd6 48. Ra8 c3 49. Rc8 Rd3 50. Kb4 Rxh3 51. Rxc3 Rxc3 52.
Kxc3 g5 53. Kd3 Ke5 54. Ke3 g4 55. Kf2 Kf4 56. Kg2 Ke3 57. Kf1 Kf3 58. Kg1 f4
59. Kf1 g3 60. Kg1 Ke2 61. Kg2 f3+ 62. Kg1 f2+ 63. Kg2 f1=Q+ 64. Kxg3 Qf3+ 65.
Kh4 Qg2 66. Kh5 Kf3 67. Kh4 Qg4# 0-1

[Event "XXVIII Open Eporediese"]
[Site "Ivrea ITA"]
[Date "2011.02.12"]
[Round "4"]
[White "Agostino, Pietro"]
[Black "Renzini, Lorenzo"]
[Result "0-1"]
[WhiteElo "1507"]
[BlackElo "1747"]
[PlyCount "122"]
[EventDate "2011.01.27"]

1. e4 c5 2. Nf3 d6 3. c3 d5 4. e5 e6 5. d4 c4 6. Be2 Ne7 7. Bg5 Nbc6 8. b3 cxb3
9. axb3 Qc7 10. Bd3 b6 11. Qc2 g6 12. Bf6 Rg8 13. Nbd2 Nf5 14. Bxf5 gxf5 15.
O-O Nb4 16. Qc1 Nd3 17. Qd1 Nf4 18. g3 Be7 19. Bxe7 Kxe7 20. c4 Bb7 21. Kh1 Nh3
22. Kg2 Nf4+ 23. Kh1 Ng6 24. h4 a5 25. Kh2 Kf8 26. Qc1 Rc8 27. Ng5 Rg7 28. Qa3+
Kg8 29. Rfc1 Qc6 30. c5 h6 31. Ngf3 Qb5 32. cxb6 Qxb6 33. Rxc8+ Bxc8 34. Qxa5
Qc6 35. Qc5 Bb7 36. b4 f4 37. b5 fxg3+ 38. fxg3 Qe8 39. Nb3 Kh7 40. Na5 Ba8 41.
Rb1 Rg8 42. Nc6 Bb7 43. Qc2 Kh8 44. Na5 Ba8 45. b6 Qf8 46. Qc3 Ne7 47. Kh3 Qg7
48. Rg1 Qg4+ 49. Kh2 Rc8 50. Qe3 Nf5 51. Qf4 Qxf4 52. gxf4 Ne3 53. b7 Bxb7 54.
Nxb7 Rb8 55. Nd6 Rb2+ 56. Kh3 Rf2 57. Nxf7+ Kh7 58. Kg3 Rb2 59. h5 Kg7 60. Nd6
Kf8 61. Re1 Rb3 0-1

[Event "XXVIII Open Eporediese"]
[Site "Ivrea ITA"]
[Date "2011.02.15"]
[Round "4"]
[White "Bogatto, Mario"]
[Black "Castaldo, Antonio"]
[Result "0-1"]
[WhiteElo "1458"]
[BlackElo "1669"]
[PlyCount "96"]
[EventDate "2011.01.27"]

1. d4 Nf6 2. c4 d6 3. Nc3 g6 4. e4 Bg7 5. Be2 O-O 6. Nf3 Nbd7 7. O-O e5 8. d5
Nc5 9. Qc2 Bg4 10. b4 Ncd7 11. Be3 a5 12. b5 b6 13. h3 Bxf3 14. Bxf3 Ne8 15.
Bg4 Nc5 16. f4 exf4 17. Bxf4 Nxe4 18. Nxe4 Bxa1 19. Rxa1 f5 20. Bh6 fxg4 21.
Bxf8 Kxf8 22. Rf1+ Kg8 23. Qf2 Qe7 24. Ng5 gxh3 25. Nxh3 Ng7 26. Re1 Qf7 27.
Qe3 Re8 28. Qd2 Nf5 29. Rxe8+ Qxe8 30. Ng5 Qe3+ 31. Qxe3 Nxe3 32. Ne6 Nxc4 33.
Nxc7 Na3 34. Kf2 Kf7 35. Ke3 Kf6 36. Kd3 Ke5 37. Kc3 Nxb5+ 38. Nxb5 Kxd5 39.
Nd4 Ke4 40. a4 Ke3 41. Nf3 Kf2 42. Nh4 Kg3 43. Nf3 Kxg2 44. Nd4 h5 45. Kd2 h4
46. Ke2 g5 47. Nf3 h3 48. Ne1+ Kg3 0-1

[Event "XXVIII Open Eporediese"]
[Site "Ivrea ITA"]
[Date "2011.02.17"]
[Round "4"]
[White "Chiarotto, Filippo"]
[Black "Bellotti, Giuseppe"]
[Result "1-0"]
[WhiteElo "2122"]
[BlackElo "1706"]
[PlyCount "87"]
[EventDate "2011.01.27"]

1. e4 e5 2. Nf3 Nc6 3. Nc3 Nf6 4. a3 Bc5 5. Bc4 d6 6. h3 Be6 7. d3 Nd4 8. Bg5
h6 9. Bh4 Bxc4 10. dxc4 Nxf3+ 11. Qxf3 g5 12. Bg3 Qe7 13. O-O-O O-O-O 14. Kb1
Qe6 15. Nd5 Nxd5 16. cxd5 Qg6 17. Rhe1 Rhf8 18. Qf5+ Qxf5 19. exf5 h5 20. Re4
h4 21. b4 Bb6 22. Bh2 Bxf2 23. c4 f6 24. Kc2 Rd7 25. Kd3 Kd8 26. Ke2 Bd4 27.
Kf3 Bb2 28. Bg1 a6 29. Rb1 Bc3 30. Be3 Re8 31. Kg4 Rde7 32. Rc1 Bd4 33. Bxd4
exd4 34. Re6 Rxe6 35. fxe6 c5 36. bxc5 dxc5 37. Kf5 Ke7 38. Rb1 Rb8 39. Rb6 d3
40. d6+ Kd8 41. Rb3 b5 42. Rxd3 bxc4 43. Rc3 Rb6 44. Kxf6 1-0

[Event "XXVIII Open Eporediese"]
[Site "Ivrea ITA"]
[Date "2011.02.17"]
[Round "4"]
[White "Giachino, Adriano"]
[Black "Moratto, Davide"]
[Result "0-1"]
[WhiteElo "1707"]
[BlackElo "1838"]
[PlyCount "66"]
[EventDate "2011.01.27"]

1. e4 d6 2. d4 Nf6 3. Nc3 c6 4. Be2 Qa5 5. Bd2 Nbd7 6. Nf3 e5 7. Nd5 Qd8 8.
Nxf6+ Nxf6 9. dxe5 Nxe4 10. Bf4 Qa5+ 11. c3 dxe5 12. Nxe5 Be6 13. O-O Be7 14.
Bc4 Bxc4 15. Qd7+ Kf8 16. Nxc4 Qd5 17. Qxb7 Re8 18. Ne3 Qc5 19. Rad1 g5 20. Bc7
h5 21. Rd4 Nd6 22. Qb3 Rc8 23. Bxd6 Bxd6 24. Rfd1 Rh6 25. Nc4 Rb8 26. Qc2 Be5
27. Qf5 Bxd4 28. Qxc5+ Bxc5 29. Ne5 Rb7 30. Rd7 Rxb2 31. Rxf7+ Ke8 32. h3 Rb1+
33. Kh2 Bd6 0-1

[Event "XXVIII Open Eporediese"]
[Site "Ivrea ITA"]
[Date "2011.02.16"]
[Round "4"]
[White "Giunto, Stefano"]
[Black "Bosticardo, Tommaso"]
[Result "0-1"]
[WhiteElo "1406"]
[BlackElo "1649"]
[PlyCount "100"]
[EventDate "2011.01.27"]

1. e4 e5 2. Nf3 Nc6 3. Nc3 Nf6 4. d4 exd4 5. Nd5 Be7 6. Nxd4 Nxd5 7. exd5 Nxd4
8. Qxd4 O-O 9. Bf4 Bf6 10. Qb4 d6 11. O-O-O Bf5 12. Bd3 a5 13. Qa4 Bxd3 14.
Rxd3 b5 15. Qa3 b4 16. Qa4 Bxb2+ 17. Kxb2 Qf6+ 18. Kb1 Qxf4 19. h4 Qxf2 20. g4
Qg2 21. Rhd1 Qxg4 22. Rd4 Qf5 23. Ka1 Rfe8 24. Kb2 h6 25. Rc4 Re7 26. Qc6 Qc8
27. h5 Ra6 28. Qa4 Qd7 29. Qxd7 Rxd7 30. Re1 Kf8 31. Rce4 Ra8 32. c3 bxc3+ 33.
Kxc3 Rb8 34. a4 Rdd8 35. Re7 Re8 36. Rxe8+ Rxe8 37. Rxe8+ Kxe8 38. Kd4 f5 39.
Ke3 Ke7 40. Kf4 Kf6 41. Ke3 g5 42. hxg6 Kxg6 43. Kf4 h5 44. Kg3 Kg5 45. Kf3 h4
46. Kg2 Kg4 47. Kf2 h3 48. Kg1 Kg3 49. Kh1 f4 50. Kg1 f3 0-1

[Event "XXVIII Open Eporediese"]
[Site "Ivrea ITA"]
[Date "2011.02.16"]
[Round "4"]
[White "Pitti, Gianluca"]
[Black "Bosticardo, Andrea"]
[Result "1-0"]
[WhiteElo "1398"]
[BlackElo "1302"]
[PlyCount "81"]
[EventDate "2011.01.27"]

1. e4 d5 2. exd5 Qxd5 3. Nc3 Qd6 4. Nf3 Nc6 5. Bc4 Nf6 6. Ng5 Qe5+ 7. Ne2 Qxg5
8. d3 Qxg2 9. Ng3 Ng4 10. Be3 e6 11. Qxg4 Bd6 12. Rf1 Qxh2 13. Qxg7 Be5 14. Qg5
Bxb2 15. Rb1 Bc3+ 16. Ke2 Ne5 17. Bc5 Nc6 18. Bb5 f6 19. Qg7 Bd7 20. Qxh8+ Kf7
21. Qxa8 Qh6 22. Rbd1 e5 23. Qxb7 Bg4+ 24. f3 Qh2+ 25. Rf2 Qxg3 26. Qxc7+ Ne7
27. Bxe7 Kg6 28. Qxc3 f5 29. Qd2 f4 30. Qc3 Bxf3+ 31. Rxf3 Qg4 32. Qxe5 Qg2+
33. Rf2 Qg4+ 34. Kd2 Qg3 35. Rxf4 Qh2+ 36. Kc3 h6 37. Qf6+ Kh5 38. Rh4+ Qxh4
39. Qxh4+ Kg6 40. Rg1+ Kf7 41. Qf6# 1-0

[Event "XXVIII Open Eporediese"]
[Site "Ivrea ITA"]
[Date "2011.02.16"]
[Round "4"]
[White "Razzano, Lorenzo"]
[Black "Ranieri, Fabrizio"]
[Result "1/2-1/2"]
[WhiteElo "1941"]
[BlackElo "2279"]
[PlyCount "94"]
[EventDate "2011.01.27"]

1. c4 e6 2. g3 d5 3. Bg2 Nf6 4. Nf3 Be7 5. O-O O-O 6. b3 c5 7. e3 Nc6 8. Bb2 b6
9. Qe2 Bb7 10. d3 Qc7 11. Nc3 Rad8 12. Rfd1 Qb8 13. Rab1 Rfe8 14. a3 Qa8 15.
Nb5 Rd7 16. cxd5 Nxd5 17. e4 Nf6 18. Ne5 Nxe5 19. Bxe5 Red8 20. Bc7 Rc8 21. Be5
Ne8 22. a4 Bf6 23. Bxf6 Nxf6 24. f3 Rcd8 25. Na3 Ne8 26. Nc4 Rd4 27. Rd2 Nc7
28. Na3 Ba6 29. Rbd1 Qc6 30. Nc2 R4d7 31. Qe3 e5 32. Bh3 Ne6 33. Bxe6 Qxe6 34.
b4 cxb4 35. Nxb4 Bc8 36. d4 Qc4 37. Nd5 Bb7 38. dxe5 Bxd5 39. exd5 Qxa4 40. f4
Qc4 41. d6 g6 42. Ra1 Qe6 43. Qd4 f6 44. Rda2 fxe5 45. fxe5 Rc8 46. Re2 Rc4 47.
Qe3 Rc8 1/2-1/2

[Event "XXVIII Open Eporediese"]
[Site "Ivrea ITA"]
[Date "2011.02.17"]
[Round "4"]
[White "Rocchi, Enrico"]
[Black "Paonessa, Denis"]
[Result "0-1"]
[WhiteElo "1944"]
[BlackElo "1892"]
[PlyCount "88"]
[EventDate "2011.01.27"]

1. e4 e5 2. Nf3 Nc6 3. Bc4 Nf6 4. Ng5 d5 5. exd5 Na5 6. Bb5+ c6 7. dxc6 bxc6 8.
Be2 h6 9. Nf3 e4 10. Ne5 Bd6 11. d4 exd3 12. Nxd3 Qc7 13. Bd2 O-O 14. h3 c5 15.
O-O Nc6 16. Bf3 Rb8 17. Nc3 c4 18. Nc1 Nd4 19. Nd5 Nxf3+ 20. Qxf3 Nxd5 21. Qxd5
Rd8 22. Qa5 Rxb2 23. Qxc7 Bxc7 24. Be3 a6 25. c3 Be5 26. Bc5 Bxc3 27. Ba3 Rxf2
28. Rxf2 Bxa1 29. Kf1 Bf6 30. Rf4 Be6 31. Ke1 Rd4 32. Rxd4 Bxd4 33. Ne2 Be5 34.
Bb4 f5 35. Nc3 Kf7 36. Ke2 Ke8 37. Na4 Bd7 38. Nc3 Bc6 39. Kf2 Kd7 40. g3 g5
41. a3 Bd6 42. Ne2 Bxb4 43. axb4 Ke6 44. Ke3 Ke5 0-1

[Event "XXVIII Open Eporediese"]
[Site "Ivrea ITA"]
[Date "2011.02.17"]
[Round "4"]
[White "Trovero, Leo"]
[Black "Gennaro, Isabella"]
[Result "0-1"]
[WhiteElo "1467"]
[BlackElo "1628"]
[PlyCount "62"]
[EventDate "2011.01.27"]

1. d4 d5 2. c4 e6 3. Nc3 c5 4. cxd5 cxd4 5. Qa4+ Qd7 6. Qxd4 Nc6 7. Qd2 exd5 8.
Qxd5 Bd6 9. Qe4+ Nge7 10. Nf3 O-O 11. Ng5 Ng6 12. h4 Re8 13. Qc2 Qg4 14. h5 Bf5
15. Qb3 Nge5 16. e4 Nd4 17. f3 Qg3+ 18. Kd1 Nxb3 19. axb3 Be6 20. Be3 Bxb3+ 21.
Ke2 Nc4 22. Rh3 Qe5 23. f4 Qe7 24. Nd5 Qd7 25. h6 Nxe3 26. Kxe3 Bxd5 27. hxg7
Qf5 28. Kd4 Bxe4 29. Bc4 Qc5+ 30. Kc3 Qb4+ 31. Kd4 Bc5# 0-1

[Event "XXVIII Open Eporediese"]
[Site "Ivrea ITA"]
[Date "2011.02.23"]
[Round "5"]
[White "Bellafiore, Enzo"]
[Black "Razzano, Lorenzo"]
[Result "0-1"]
[WhiteElo "1807"]
[BlackElo "1941"]
[PlyCount "106"]
[EventDate "2011.01.27"]

1. d4 Nf6 2. Bf4 c5 3. e3 e6 4. Be2 Nc6 5. c3 Be7 6. Nf3 O-O 7. Nbd2 cxd4 8.
exd4 d6 9. O-O a6 10. a4 Re8 11. Qc2 h6 12. h3 Qc7 13. Rfc1 Bd7 14. b4 Rac8 15.
Qb3 Bf8 16. Bh2 Nb8 17. c4 Qb6 18. c5 dxc5 19. dxc5 Qc6 20. Bc4 b5 21. axb5
axb5 22. Bd3 Qd5 23. Ne5 Red8 24. Rc3 Bc6 25. Ndf3 Ne4 26. Bxe4 Qxe4 27. Re3
Qd5 28. Rd3 Qxb3 29. Rxb3 Bd5 30. Rc3 f6 31. Ng6 Nc6 32. Nxf8 Kxf8 33. Bd6+ Kf7
34. Rb1 Ra8 35. Ne1 Ra4 36. Nd3 Be4 37. f3 Bf5 38. Rd1 Bxd3 39. Rdxd3 Rxb4 40.
Kh2 e5 41. Rb3 Rxb3 42. Rxb3 b4 43. Kg3 Ra8 44. Kf2 Ke6 45. Ke2 Nd4+ 46. Kd3
Nxb3 47. Kc2 Nd4+ 48. Kb2 b3 49. Bc7 Ra2+ 50. Kb1 Kd5 51. Bb6 Nb5 52. g3 Nc3+
53. Kc1 Rc2# 0-1

[Event "XXVIII Open Eporediese"]
[Site "Ivrea ITA"]
[Date "2011.02.24"]
[Round "5"]
[White "Bellotti, Giuseppe"]
[Black "Gennaro, Isabella"]
[Result "1/2-1/2"]
[WhiteElo "1706"]
[BlackElo "1628"]
[PlyCount "94"]
[EventDate "2011.01.27"]

1. e4 c5 2. Nf3 Nc6 3. d4 cxd4 4. Nxd4 Nf6 5. Nc3 e5 6. Ndb5 d6 7. Bg5 a6 8.
Na3 b5 9. Nd5 Be7 10. Bxf6 Bxf6 11. c3 O-O 12. Nc2 Bg5 13. a4 Rb8 14. axb5 axb5
15. Be2 Re8 16. O-O Be6 17. Nce3 Bxe3 18. Nxe3 Re7 19. Nd5 Ra7 20. Rxa7 Nxa7
21. Qd2 h6 22. Nb4 Qd7 23. Ra1 Ra8 24. f3 Rb8 25. Ra6 Nc8 26. Qe3 Rb7 27. Nc6
f5 28. Qd3 Bc4 29. Qd2 fxe4 30. fxe4 Bxe2 31. Qxe2 Rb6 32. Rxb6 Nxb6 33. Qxb5
Nc8 34. b4 Kf8 35. Qa6 Qc7 36. c4 Nb6 37. Na5 Ke7 38. Qb5 Nd7 39. Qb7 Qb6+ 40.
Qxb6 Nxb6 41. Kf2 g5 42. Ke3 Kd7 43. Kd3 Kc7 44. c5 dxc5 45. bxc5 Nd7 46. Kc4
Nf6 47. Nb3 Kc6 1/2-1/2

[Event "XXVIII Open Eporediese"]
[Site "Ivrea ITA"]
[Date "2011.02.24"]
[Round "5"]
[White "Bogatto, Mario"]
[Black "Giunto, Stefano"]
[Result "0-1"]
[WhiteElo "1458"]
[BlackElo "1406"]
[PlyCount "102"]
[EventDate "2011.01.27"]

1. e4 e5 2. Nf3 Nc6 3. Bb5 a6 4. Bxc6 dxc6 5. O-O Nf6 6. Nc3 Bg4 7. d3 Bb4 8.
Bd2 O-O 9. h3 Bh5 10. a3 Bc5 11. Re1 Bd4 12. Rb1 Re8 13. Na2 c5 14. c3 Bxf2+
15. Kxf2 Qxd3 16. Re3 Nxe4+ 17. Ke1 Bxf3 18. gxf3 Qc4 19. b3 Nxc3 20. Rxc3 Qh4+
21. Ke2 Qxh3 22. Qg1 b6 23. Re3 Re6 24. Qf1 Qh2+ 25. Qf2 Qh3 26. Rg1 Rd8 27.
Qg3 Qxg3 28. Rxg3 Red6 29. Bc3 f6 30. Nc1 Rd1 31. Nd3 Rb1 32. Nb2 Ra1 33. a4
Ra2 34. Rd3 Rc8 35. Ke3 Ra3 36. Bd2 Ra2 37. Nd1 f5 38. Nf2 f4+ 39. Ke4 fxg3 40.
Nh3 g2 41. Be3 Re2 42. Rd1 b5 43. Rd2 Rxd2 44. Bxd2 c4 45. bxc4 bxc4 46. Ke3 g5
47. Kf2 Rb8 48. Bc3 Rb3 49. Bxe5 c3 50. Bd4 c2 51. Be3 Rb1 0-1

[Event "XXVIII Open Eporediese"]
[Site "Ivrea ITA"]
[Date "2011.02.19"]
[Round "5"]
[White "Bosticardo, Tommaso"]
[Black "Giachino, Adriano"]
[Result "1-0"]
[WhiteElo "1649"]
[BlackElo "1707"]
[PlyCount "75"]
[EventDate "2011.01.27"]

1. d4 d5 2. c4 e6 3. Nc3 Nf6 4. cxd5 exd5 5. Bg5 Be7 6. e3 c6 7. Bd3 Nbd7 8.
Qc2 Qb6 9. Nf3 a6 10. O-O Nf8 11. Ne5 Qc7 12. Rab1 Ng6 13. f4 O-O 14. Bxf6 Bxf6
15. Nxd5 Qd6 16. Nxf6+ Qxf6 17. b4 Be6 18. a4 Nh4 19. f5 Bc8 20. Rf4 b5 21. a5
Ra7 22. Qf2 Nxf5 23. Bxf5 Bxf5 24. Rxf5 Qe6 25. Nd3 Re7 26. Re5 Qd6 27. Rxe7
Qxe7 28. Nc5 Rd8 29. Nxa6 Rd6 30. Nc5 Rf6 31. Qg3 Qd8 32. Ra1 Rg6 33. Qf2 h5
34. a6 Rf6 35. Qd2 h4 36. a7 Qa8 37. Nd7 Rg6 38. Nb6 1-0

[Event "XXVIII Open Eporediese"]
[Site "Ivrea ITA"]
[Date "2011.02.22"]
[Round "5"]
[White "Castaldo, Antonio"]
[Black "Renzini, Lorenzo"]
[Result "1-0"]
[WhiteElo "1669"]
[BlackElo "1747"]
[PlyCount "63"]
[EventDate "2011.01.27"]

1. Nf3 Nf6 2. g3 g6 3. Bg2 Bg7 4. O-O d5 5. d3 O-O 6. Nbd2 e6 7. e4 Nc6 8. e5
Nd7 9. d4 Ne7 10. Nb3 b6 11. Bd2 c5 12. c3 Bb7 13. Bg5 Re8 14. Qd2 Qc7 15. Bh6
cxd4 16. cxd4 Rac8 17. Rfc1 Qb8 18. Bxg7 Kxg7 19. Rc3 Rc6 20. Rac1 Rec8 21. Qg5
Rxc3 22. Rxc3 Nf5 23. Nh4 h6 24. Nxf5+ exf5 25. Qe7 Rxc3 26. bxc3 Qc8 27. e6
Ne5 28. dxe5 Qxe6 29. Qxb7 Qxe5 30. Qxd5 Qe1+ 31. Bf1 Qxc3 32. Qd4+ 1-0